Small Cap 400 The Large Caps Of Tomorrow (Record no. 317984)

MARC details
000 -LEADER
fixed length control field 00377nam a2200145Ia 4500
008 - FIXED-LENGTH DATA ELEMENTS--GENERAL INFORMATION
fixed length control field 230718s9999 xx 000 0 und d
041 ## - LANGUAGE CODE
Language code of text/sound track or separate title eng
082 ## - DEWEY DECIMAL CLASSIFICATION NUMBER
Classification number 658
Item number DAL
100 ## - MAIN ENTRY--PERSONAL NAME
Personal name Dalal S.
9 (RLIN) 161813
245 ## - TITLE STATEMENT
Title Small Cap 400 The Large Caps Of Tomorrow
260 ## - PUBLICATION, DISTRIBUTION, ETC. (IMPRINT)
Name of publisher, distributor, etc. Radam House Inc
365 ## - TRADE PRICE
Currency code Rs.
Price amount 299.00
700 ## - ADDED ENTRY--PERSONAL NAME
Personal name Dalal S.
9 (RLIN) 161813
906 ## - LOCAL DATA ELEMENT F, LDF (RLIN)
d B:224418-Oct-2007
c OTH
Holdings
Withdrawn status Lost status Damaged status Not for loan Home library Current library Date acquired Vendor Budget Code Cost, normal purchase price Bill number Total Checkouts Full call number Barcode Date last seen Cost, replacement price Bill Date Koha item type Original Barcode
        Cummins College of Engineering for Women Pune Cummins College of Engineering for Women Pune 03/01/2008 Tbs OTH 299.00 2244   658 CCEP-BK-29191 18/07/2023 299.00 18/10/2007 Books 029191